[Event "Budapest FS10 IM-B"]
[Site "Budapest"]
[Date "1997.10.06"]
[Round "2"]
[White "Schmidt, Jan Peter"]
[Black "Kahn, Evarth"]
[Result "1-0"]
[WhiteElo "2260"]
[BlackElo "2270"]

1.Nf3 Nf6 2.c4 g6 3.g3 Bg7 4.Bg2 d6 5.d4 O-O 6.O-O c6 7.Nc3 Qa5 8.e4 Bg4
9.h3 Bxf3 10.Bxf3 Nfd7 11.Rb1 Qb4 12.Be2 Na6 13.a3 Qb6 14.Be3 c5 15.d5 Qd8
16.Qd2 Nc7 17.f4 a6 18.Bd3 Rb8 19.a4 a5 20.Bf2 Na6 21.Rfe1 Nb4 22.Bf1 Re8
23.Re2 Nf8 24.e5 b6 25.Nb5 dxe5 26.fxe5 Qd7 27.Rbe1 Red8 28.Bg2 Ne6 29.Re4 Nc7
30.Nc3 Ne8 31.Be3 f5 32.exf6 Nxf6 33.Rf4 Nh5 34.Rf3 Rf8 35.Rxf8+ Rxf8 36.Bg5 Bf6
37.Bxf6 Nxf6 38.Kh2 Rf7 39.Re6 Ne8 40.Rxb6 Nd6 41.Rb8+ Kg7 42.Nb5 Qf5 43.Nc7 g5
44.Ne6+ Kf6 45.Rg8 h6 46.Qc3+ Qe5 47.Rg6+ Kf5 48.Ng7+ Rxg7 49.Rxg7 Qxc3 50.bxc3 Kf6
51.cxb4 Kxg7 52.bxa5 Kf6 53.Bf1 Ke5 54.Kg2 Ke4 55.Kf2 Nc8 56.a6 Na7 57.Be2 Nc8
58.Bg4 Na7 59.Bd7 Kd4 60.Bb5 Ke4 61.Ke2 Nc8 62.Bd7 Na7 63.Be6 h5 64.h4 g4
65.Bf7 Kd4 66.Kd2 Nc8 67.Bxh5  1-0

[Event "Budapest FS10 IM-B"]
[Site "Budapest"]
[Date "1997.10.06"]
[Round "2"]
[White "Kittler, Thorsten"]
[Black "Ciornei, Dragos"]
[Result "1-0"]
[WhiteElo "2255"]
[BlackElo "2165"]

1.d4 Nf6 2.Nf3 g6 3.g3 Bg7 4.Bg2 O-O 5.c4 d6 6.O-O Nbd7 7.Nc3 e5 8.e4 exd4
9.Nxd4 Re8 10.f3 a6 11.Be3 Rb8 12.a4 a5 13.Rb1 c6 14.Qd2 Ne5 15.b3 Nfd7 16.Rfd1 Qe7
17.Nc2 Bf8 18.Bd4 Nc5 19.Ne2 Ra8 20.Bc3 Qc7 21.f4 Ned7 22.Qd4 f6 23.Kf1 Ne6
24.Qd2 Nec5 25.Qd4 Ne6 26.Qe3 Kf7 27.g4 Ndc5 28.h3 Qe7 29.Qd2 Qc7 30.Bf3 Be7
31.h4 Ng7 32.f5 g5 33.hxg5 fxg5 34.Qd4 Bf8 35.Qf6+ Kg8 36.Qxg5 h6 37.Qf4 Qf7
38.Kf2 d5 39.cxd5 cxd5 40.Rxd5 Bd7 41.Rdd1 Bc6 42.e5 Bxf3 43.Kxf3 h5 44.Ne3 b5
45.Nd5 hxg4+ 46.Qxg4 Qxf5+ 47.Qxf5 Nxf5 48.Nf6+ Kf7 49.Nxe8 Rxe8 50.axb5 Rb8
51.Rf1 Ke8 52.b4 axb4 53.Bxb4 Rxb5 54.Bxc5 Rxb1 55.Rxb1 Bxc5 56.Ke4 Ne7 57.Nf4 Kd7
58.Rb7+ Kc6 59.Rb2 Kd7 60.Nd5 Nxd5 61.Kxd5 Ba3 62.Rb7+ Kc8 63.Ra7 Bb4 64.Ke6 Kd8
65.Rd7+ Kc8 66.Rd5  1-0

[Event "Budapest FS10 IM-B"]
[Site "Budapest"]
[Date "1997.10.12"]
[Round "8"]
[White "Kittler, Thorsten"]
[Black "Schmidt, Jan Peter"]
[Result "1-0"]
[WhiteElo "2255"]
[BlackElo "2260"]

1.d4 Nf6 2.Nf3 g6 3.g3 Bg7 4.Bg2 O-O 5.c4 d6 6.O-O c6 7.h3 Nbd7 8.Nc3 e5
9.e4 a5 10.Be3 Re8 11.dxe5 dxe5 12.Qc2 Nf8 13.Rad1 N6d7 14.c5 Ne6 15.Na4 Qe7
16.Rd2 Rf8 17.Qc4 Kh8 18.Rfd1 f5 19.Rd6 Re8 20.h4 f4 21.Bh3 Nd4 22.Bxd4 exd4
23.R6xd4 Ne5 24.Nxe5 Qxe5 25.Bxc8 Raxc8 26.Nb6 fxg3 27.Nxc8 gxf2+ 28.Kg2 Qf4
29.e5 Qxe5 30.Rd8 h6 31.Qf7 f1=Q+ 32.Qxf1 Rxd8 33.Rxd8+ Kh7 34.Qd3 Qxb2+
35.Kh3 Qc1 36.Qf3 Qe1 37.Rd6 Qe5 38.Qd3 Qh5 39.Ne7 Be5 40.Qxg6+ Qxg6 41.Rxg6  1-0

[Event "Budapest FS10 IM-B"]
[Site "Budapest"]
[Date "1997.10.14"]
[Round "10"]
[White "Murzin, Lenar"]
[Black "Horvath, Adam"]
[Result "1-0"]
[WhiteElo "2310"]
[BlackElo "2415"]

1.d4 Nf6 2.c4 g6 3.Nf3 Bg7 4.g3 O-O 5.Bg2 d6 6.O-O Nbd7 7.Qc2 c5 8.Nc3 a6
9.Rd1 Qc7 10.b3 Rb8 11.a4 b6 12.e4 Bb7 13.Bb2 cxd4 14.Nxd4 Nc5 15.Nd5 Qd8
16.Rd2 e5 17.Nxf6+ Qxf6 18.Ne2 Qe7 19.Rad1 Rbd8 20.Nc3 Ne6 21.Nd5 Bxd5 22.Rxd5 a5
23.Qd3 Rfe8 24.Rxd6 Nc5 25.Qd5 Rxd6 26.Qxd6 Qxd6 27.Rxd6 Rb8 28.Rd5 Nxb3
29.Bc3 Nd4 30.Bf1 Ne6 31.Rb5 h5 32.Bxa5 Ra8 33.Bxb6 Rxa4 34.Kg2 Ra1 35.Rb2 Nd4
36.h4 Rc1 37.Bc7 Bf6 38.Bd6 Kg7 39.c5 Ne6 40.Rb5 Rc3  1-0

[Event "Budapest FS10 IM-B"]
[Site "Budapest"]
[Date "1997.10.16"]
[Round "12"]
[White "Kittler, Thorsten"]
[Black "Paschall, William M"]
[Result "1/2-1/2"]
[WhiteElo "2255"]
[BlackElo "2280"]

1.d4 Nf6 2.Nf3 g6 3.g3 Bg7 4.Bg2 O-O 5.c4 d6 6.O-O c6 7.Nc3 Qa5 8.e4 e5 9.d5 cxd5
10.cxd5 b5 11.Re1 b4 12.Nb1 Na6 13.Nbd2 Bd7 14.Bf1 Nc5 15.Nb3 Nxb3 16.Qxb3 Ba4
17.Qd3 Nd7 18.Bd2 f5 19.Ng5 fxe4 20.Nxe4 Nc5 21.Qc4 Nxe4 22.Rxe4 Rab8 23.a3 Rfc8
24.Qa6 Qxa6 25.Bxa6 Rc2 26.Rxb4 Rxb4 27.Bxb4 Bb3 28.Bd3 Rxb2 29.Bc3 Ra2 30.Rxa2 Bxa2
31.Be4 Bc4 32.Bb4 Bf8 33.f3 Kf7 34.h4 Ke7 35.g4 Kd7 36.g5 Be7 37.Bd2 Bd8
38.Kg2 Ke7 39.Kg3 Bb6 40.h5 Kf7 41.h6 a5 42.Kg4 a4 43.Bb4 Bc7 44.f4 exf4
45.Kxf4 Bb3 46.Bf3 Ba2 47.Bg2 Bb3 48.Bd2 Bb6 49.Bb4 Bc7 50.Bf3 Ba2 51.Bd2 Bb6
52.Bb4 Bc7 53.Kg3 Bc4 54.Bg2 Ba2 55.Kf4 Bb3 56.Ke3 Bb6+ 57.Kf4 Bc7 58.Ke4 Bd8
59.Bd2 Bc2+ 60.Kd4 Bb6+ 61.Kc4 Bc5 62.Bc1 Bf5 63.Kb5 Bd7+ 64.Ka5 Bd4 65.Bf1 Bc3+
66.Kb6 Bf5 67.Bb5 Bc2 68.Kc7 Be5 69.Bd7 Ke7 70.Bc6 Bb3 71.Bd2 Bb2 72.Bb4 Be5
73.Bb7 Bf4 74.Kc6 Bc4 75.Bc8 Be5 76.Be6 Bf4 77.Bg8 Kf8 78.Bxh7 Kf7 79.Bxd6 Bxg5
80.Be5 Bxh6 81.d6 Be6 82.Kc7 Bg7 83.Bf4 Bb2 84.d7 Bxd7 85.Kxd7 Bxa3 86.Kc6 Bb2
87.Bxg6+ Kxg6 88.Bd6 a3 89.Bxa3 Bxa3  1/2-1/2

[Event "Budapest FS10 IM-B"]
[Site "Budapest"]
[Date "1997.10.16"]
[Round "12"]
[White "Murzin, Lenar"]
[Black "Schmidt, Jan Peter"]
[Result "1-0"]
[WhiteElo "2310"]
[BlackElo "2260"]

1.d4 Nf6 2.c4 g6 3.Nf3 Bg7 4.g3 O-O 5.Bg2 d6 6.O-O c6 7.h3 a6 8.a4 a5 9.Nc3 Nbd7
10.d5 Qb6 11.Ra3 Nc5 12.Be3 Bd7 13.Nd2 cxd5 14.cxd5 Qb4 15.Qa1 Rfc8 16.Rc1 Nh5
17.Qa2 f5 18.Nc4 Nb3 19.Rxb3 Qxc4 20.Bf3 Qc7 21.Kg2 Nf6 22.Rb6 Ra6 23.Rxa6 bxa6
24.Nb5 Qb7 25.Rxc8+ Bxc8 26.Nd4 Nd7 27.Nc6 Kf8 28.Qc4 Ne5 29.Qh4 Nxf3 30.exf3 h5
31.Qg5 Be6 32.Qxg6 Bxd5 33.Qxf5+ Bf7 34.Qxf7+  1-0

[Event "NRW-Cup Masters op"]
[Site "Muenster"]
[Date "1997.10.17"]
[Round "9"]
[White "Dautov, Rustem"]
[Black "Dydyshko, Viacheslav"]
[Result "1-0"]
[WhiteElo "2590"]
[BlackElo "2480"]

1.d4 Nf6 2.Nf3 g6 3.c4 Bg7 4.g3 O-O 5.Bg2 d6 6.Nc3 c6 7.O-O Qa5 8.e4 e5 9.h3 Nbd7
10.Re1 exd4 11.Nxd4 Ne5 12.Bf1 Re8 13.Rb1 a6 14.f4 Ned7 15.Kh2 Rb8 16.b4 Qc7
17.Bb2 c5 18.bxc5 Nxc5 19.Bg2 Bd7 20.Nb3 Ba4 21.Ba1 b5 22.cxb5 axb5 23.Nxa4 bxa4
24.Nxc5 Rxb1 25.Qxb1 Qxc5 26.Qd3 h5 27.e5 h4 28.g4 dxe5 29.Bxe5 g5 30.Re2 gxf4
31.Bxf4 Rxe2 32.Qxe2 a3 33.Qe3 Qb4 34.Bg5 Qb2 35.Qd2 Bf8 36.Bf3 Kg7 37.Kg2 Bb4
38.Qe2 Bc3 39.Bxh4 Bd2 40.g5 Nh7 41.Bg3 Bc3 42.h4 f6 43.gxf6+ Nxf6 44.Bf2 Bd4
45.Qe7+ Kh6 46.Be2 Bxf2 47.Qf8+ Kg6 48.Bd3+ Kh5 49.Kh3 Ne4 50.Qf5+ Kh6 51.Qxe4  1-0

[Event "Owens Corning"]
[Site "Wrexham"]
[Date "1997.10.19"]
[Round "6"]
[White "Donaldson, John W"]
[Black "Jansa, Vlastimil"]
[Result "1/2-1/2"]
[WhiteElo "2430"]
[BlackElo "2480"]

1.d4 Nf6 2.Nf3 g6 3.c4 Bg7 4.g3 O-O 5.Bg2 d6 6.O-O c6 7.Nc3 Bf5 8.b3 Ne4
9.Bb2 Nxc3 10.Bxc3 Be4 11.e3 Nd7 12.Qe2 e6 13.Rfd1 d5 14.Bf1 Bxf3 15.Qxf3 a5
16.a4  1/2-1/2

[Event "Oberliga Wuert9798"]
[Site "Wuerttemberg"]
[Date "1997.10.19"]
[Round "2"]
[White "Jurek, Josef"]
[Black "Schnepp, Gunnar"]
[Result "1/2-1/2"]
[WhiteElo "2415"]
[BlackElo "2270"]

1.d4 Nf6 2.Nf3 g6 3.g3 Bg7 4.c4 O-O 5.Bg2 d6 6.O-O Nc6 7.d5 Na5 8.Nbd2 c5
9.Ne1 Bd7 10.Rb1 b5 11.cxb5 Bxb5 12.b4 cxb4 13.Nc2 Rb8 14.Rxb4 Qc7 15.a3 e5
16.dxe6 fxe6 17.Rxb5 Rxb5 18.Nd4 Qd7 19.Nxb5 Qxb5 20.Ne4 Nxe4 21.Bxe4 d5
22.Bd3 Qb3 23.Bc2 Qc3 24.Ba4 Nb7 25.Bb5 Nc5 26.Bf4 Qb3 27.Qxb3 Nxb3 28.Bd6 Rd8
29.Be7 Rb8 30.Ba4 Nd4 31.e3 Ne2+ 32.Kg2 Bf8 33.Bf6 Kf7 34.Be5 Rc8 35.Re1 Nc1
36.Bd7 Rc4 37.Bd4 Bxa3 38.Bb5 Rc7 39.Be5 Rc5 40.Ba6 Bb4 41.Bd6 Bxe1 42.Bxc5 Bc3
43.f4 e5  1/2-1/2

[Event "Copa Itau Mercosul"]
[Site "Sao Paulo"]
[Date "1997.10.20"]
[Round "2"]
[White "Szmetan, Jorge"]
[Black "Cukier, Marcelo"]
[Result "1-0"]
[WhiteElo "2430"]
[BlackElo "2150"]

1.Nf3 Nf6 2.c4 g6 3.d4 Bg7 4.g3 d6 5.Bg2 O-O 6.O-O Nbd7 7.Nc3 e5 8.e4 c6
9.Rb1 a5 10.h3 Re8 11.Be3 exd4 12.Nxd4 Nc5 13.Qc2 Qe7 14.Rbe1 Ne6 15.Rd1 Nh5
16.Nde2 Nc5 17.g4 Nf6 18.Ng3 Be6 19.b3 a4 20.Bd4 axb3 21.axb3 Ra3 22.Nb1 Ra6
23.g5 Nh5 24.Nxh5 gxh5 25.Bxg7 Qxg5 26.Bb2 Bxh3 27.f3 Re6 28.Kh1 Qh4 29.Bxh3 Qxh3+
30.Qh2 Qxh2+ 31.Kxh2 Nxb3 32.Nc3 Kf8 33.Rf2 Na5 34.c5 dxc5 35.Rd8+ Re8 36.Rd7 Re7
37.Rd8+ Re8 38.Rd7 Re7 39.Rd1 Nc4 40.Bc1 f6 41.f4 b5 42.e5 fxe5 43.f5 Nb6
44.Ne4 Nd5 45.f6 Rd7 46.Bh6+ Ke8 47.Nd6+ Kd8 48.f7 Rxf7 49.Rxf7 Ra2+ 50.Kh1  1-0

[Event "Copa Itau Mercosul"]
[Site "Sao Paulo"]
[Date "1997.10.25"]
[Round "8"]
[White "Slipak, Sergio"]
[Black "Braga, Cicero"]
[Result "1/2-1/2"]
[WhiteElo "2515"]
[BlackElo "2420"]

1.d4 Nf6 2.Nf3 g6 3.c4 Bg7 4.g3 O-O 5.Bg2 d6 6.Nc3 Nbd7 7.O-O e5 8.e4 exd4
9.Nxd4 a6 10.b3 Re8 11.h3 Rb8 12.Rb1 c5 13.Nde2 b5 14.cxb5 axb5 15.b4 Bb7
16.Bf4 Nxe4 17.Nxe4 Bxe4 18.Bxe4 Rxe4 19.bxc5 Nxc5 20.Bxd6 Rc8 21.Rxb5 Rxe2
22.Rxc5 Rxa2  1/2-1/2

[Event "Bahn-chT S+W"]
[Site "Friedrichroda"]
[Date "1997.10.27"]
[Round "3.4"]
[White "Kuebert, Bernhard"]
[Black "Popielas, Hans"]
[Result "1-0"]
[WhiteElo "1904"]
[BlackElo "1766"]

1.c4 g6 2.Nf3 Bg7 3.d4 d6 4.g3 Nf6 5.Bg2 O-O 6.O-O Nbd7 7.Nc3 c6 8.e4 e5
9.Re1 Qc7 10.Bg5 h6 11.Bd2 Re8 12.d5 c5 13.a3 Nf8 14.Nb5 Qe7 15.b4 b6 16.bxc5 bxc5
17.Ba5 Rb8 18.Nc7 Rd8 19.Nb5 Rd7 20.Bh3 Rdb7 21.Bxc8 Rxc8 22.Bd2 a6 23.Nc3 Qd7
24.Kg2 Rcb8 25.Rb1 Ne8 26.Rxb7 Rxb7 27.Qc2 f5 28.Nh4 fxe4 29.Nxe4 Kh7 30.Rb1 Rxb1
31.Qxb1 Nf6 32.Nc3 Qc7 33.a4 N6d7 34.Nf3 Bf6 35.h4 Qb8 36.Qc2 Qe8 37.Ne4 Be7
38.Qc1 h5 39.Bg5 Qf7 40.Be3 Nf6 41.Nfg5+  1-0

[Event "Hellir op"]
[Site "Reykjavik"]
[Date "1997.10.29"]
[Round "6"]
[White "Bjarnason, Saevar"]
[Black "Hillarp Persson, Tiger"]
[Result "1-0"]
[WhiteElo "2265"]
[BlackElo "2445"]

1.Nf3 d6 2.d4 g6 3.g3 Bg7 4.Bg2 Nf6 5.c4 O-O 6.Nc3 Nbd7 7.O-O e5 8.e4 exd4
9.Nxd4 Re8 10.h3 a6 11.Re1 Rb8 12.Rb1 c5 13.Nc2 b5 14.Qxd6 b4 15.Na4 Bb7
16.Bg5 Re6 17.Qd2 Qc8 18.f3 Bc6 19.b3 Bxa4 20.bxa4 Nb6 21.Ne3 Nfd7 22.Qc2 a5
23.Nd5 Bd4+ 24.Kh2 Ne5 25.Nxb6 Rbxb6 26.Bd2 Qd8 27.f4 Nc6 28.e5 Ne7 29.Rbd1 f6
30.exf6 Rxf6 31.Qe4 Kf7 32.g4 Rfe6 33.Qf3 Rxe1 34.Bxe1 Qd7 35.Bh4 Kg7 36.Qa8 Re6
37.Qxa5 Bg1+ 38.Rxg1 Qd6 39.Kh1 Re2 40.Qa7  1-0

[Event "RUS-Cup01 Chigorin mem"]
[Site "St Petersburg"]
[Date "1997.11.01"]
[Round "1"]
[White "Neverov, Valeriy"]
[Black "Klimov, Sergey"]
[Result "1-0"]
[WhiteElo "2560"]
[BlackElo "2355"]

1.d4 Nf6 2.c4 g6 3.Nf3 Bg7 4.g3 O-O 5.Bg2 d6 6.O-O Nbd7 7.Nc3 e5 8.Qc2 Re8
9.Rd1 c6 10.e4 exd4 11.Nxd4 Ne5 12.c5 dxc5 13.Nxc6 Nxc6 14.Rxd8 Rxd8 15.Nd5 b6
16.Bg5 Nxd5 17.exd5 Nd4 18.Qd2 Rd7 19.Re1 Bb7 20.Re7 Rxe7 21.Bxe7 Bf8 22.Bxf8 Rxf8
23.Qe3 Nf5 24.Qe5 Bc8 25.h4  1-0

[Event "RUS-Cup01 Chigorin mem"]
[Site "St Petersburg"]
[Date "1997.11.01"]
[Round "1"]
[White "Osnos, Viatcheslav"]
[Black "Shour, Janna"]
[Result "1-0"]
[WhiteElo "2440"]
[BlackElo "2165"]

1.d4 Nf6 2.Nf3 g6 3.c4 Bg7 4.g3 O-O 5.Bg2 d6 6.O-O Nbd7 7.Nc3 e5 8.e4 c6
9.h3 a5 10.Be3 a4 11.Qc2 Qa5 12.Rfd1 b5 13.d5 b4 14.dxc6 bxc3 15.cxd7 Bxd7
16.bxc3 Bc6 17.Ne1 Rad8 18.Rab1 Qa8 19.Bg5 Rd7 20.Bxf6 Bxf6 21.Qd3 Bd8 22.Rd2 f5
23.exf5 e4 24.Qe3 gxf5 25.Nc2 Bf6 26.Nd4 Be5 27.Ne6 Rf6 28.Rdb2 d5 29.cxd5 Bxd5
30.Nf4 Rf8 31.Rd2 Bc6 32.Bf1 Rxd2 33.Qxd2 Qe8 34.Bc4+ Kh8 35.Rb6 Qd7 36.Ng6+ Kg7
37.Qxd7+ Bxd7 38.Nxe5  1-0

[Event "RUS-Cup01 Chigorin mem"]
[Site "St Petersburg"]
[Date "1997.11.08"]
[Round "8"]
[White "Burmakin, Vladimir"]
[Black "Zaitsev, Igor A"]
[Result "1-0"]
[WhiteElo "2550"]
[BlackElo "2475"]

1.d4 Nf6 2.c4 g6 3.Nf3 Bg7 4.g3 O-O 5.Bg2 d6 6.O-O Bd7 7.Nc3 Nc6 8.b3 e5
9.dxe5 dxe5 10.Ba3 Re8 11.Nd2 e4 12.Ndxe4 Nxe4 13.Nxe4 Bg4 14.Re1 Qd4 15.Qxd4 Nxd4
16.f3 Nc2 17.fxg4 Nxa1 18.Rc1 a5 19.e3 a4 20.b4 Nb3 21.Rc2 Rad8 22.Kf2 Na1
23.Re2 Rd3 24.Bb2 a3 25.Nf6+ Bxf6 26.Bxf6 Rd1 27.b5 c6 28.b6 c5 29.Bd5 Rc1
30.e4 h6 31.Rd2 Nc2 32.Bxb7 Nb4 33.e5 Rb1 34.e6 Rb2 35.Bxb2  1-0

[Event "RUS-Cup01 Chigorin mem"]
[Site "St Petersburg"]
[Date "1997.11.09"]
[Round "9"]
[White "Vaulin, Alexander"]
[Black "Bratchenko, Alexander"]
[Result "1-0"]
[WhiteElo "2530"]
[BlackElo "2395"]

1.d4 Nf6 2.Nf3 g6 3.c4 Bg7 4.g3 O-O 5.Bg2 d6 6.O-O a6 7.Nc3 Nc6 8.d5 Na5
9.b3 c5 10.dxc6 bxc6 11.Bd2 c5 12.Qc1 Re8 13.Bh6 Bh8 14.Ng5 Ng4 15.Bxa8 Nxh6
16.Bg2 Bg7 17.Qd2 Nf5 18.e3 Bd7 19.Rac1 Nc6 20.Rfd1 h5 21.Nge4 Qa5 22.Nd5 Qa3
23.Nb6 Ne5 24.Nxd7 Nxd7 25.Nc3 Rb8 26.Nb1 Qb4 27.Qxb4 Rxb4 28.Bh3 Ne5 29.Bxf5 gxf5
30.Nc3 Bf8 31.Nd5 Rb7 32.Nf4 h4 33.gxh4 Nf3+ 34.Kg2 Nxh4+ 35.Kg3 Ng6 36.Nxg6 fxg6
37.Rg1 Kf7 38.Kf3 e5 39.e4 a5 40.h4 a4 41.Rc3 axb3 42.Rxb3 Ra7 43.h5 gxh5
44.exf5 Be7 45.Rg6 h4 46.Ke4 Rxa2 47.Rb7  1-0

[Event "AUT-chT3 9798"]
[Site "Vorarlberg "]
[Date "1997.12.05"]
[Round "5"]
[White "Kranz, Armin"]
[Black "Eiler, Gebhard"]
[Result "1/2-1/2"]
[WhiteElo "2005"]
[BlackElo "2010"]

1.d4 Nf6 2.Nf3 g6 3.c4 Bg7 4.g3 O-O 5.Bg2 d6 6.O-O Nbd7 7.Nc3 e5 8.e4 c6
9.h3 Qb6 10.d5 cxd5 11.cxd5 Nc5 12.Qe2 Bd7 13.Nd2 Na4 14.Nxa4 Bxa4 15.Nc4 Qa6
16.Be3 Bb5 17.Rfc1 Rac8 18.b3 Bxc4 19.bxc4 Nd7 20.Rc2 Nc5 21.Rac1 f5 22.exf5 gxf5
23.f4 e4 24.g4 Nd3 25.gxf5 Nxc1 26.Rxc1 Rce8 27.Qc2 Qa3 28.Kf2 Rxf5 29.Rb1 b6
30.Bxe4 Rh5 31.Rb3 Qa4 32.Bd2 Qd7 33.Kg2 Kh8 34.Rg3 Qe7 35.Bf3 Rh4 36.Bc3 Bf6
37.Bg4 Rg8 38.Kf2 Qg7 39.Qb2 Bxc3 40.Qxc3 Qxc3 41.Rxc3 Rh6 42.Re3 Rf6 43.Re6 Rxe6
44.dxe6 Kg7 45.Ke3 Rc8 46.Kd4 Rc5 47.h4 Kf6 48.Kd3 Ra5 49.Kd4 Ke7 50.f5 Kf6
51.Ke4 Re5+ 52.Kd4 Rc5 53.Bh3 Ra5 54.Bg4 Re5  1/2-1/2

[Event "AUT-chT2S 9798"]
[Site "Austria"]
[Date "1997.12.06"]
[Round "5"]
[White "Raffalt, Manfred"]
[Black "Cigan, Stefan"]
[Result "1/2-1/2"]
[WhiteElo "2185"]
[BlackElo "2380"]

1.d4 Nf6 2.c4 g6 3.g3 Bg7 4.Bg2 O-O 5.Nf3 d6 6.O-O c5 7.dxc5 dxc5 8.Ne5 Qc7
9.Nd3 Nc6 10.Nc3 Nd7 11.Be3 Nd4 12.Nd5 Qd6 13.Bf4 e5 14.Bg5 f6 15.Bd2 f5
16.b4  1/2-1/2

[Event "AUT-chT2S 9798"]
[Site "Austria"]
[Date "1997.12.06"]
[Round "5"]
[White "Krebs, Johann"]
[Black "Bonstingl, Georg"]
[Result "0-1"]
[WhiteElo "2125"]
[BlackElo "2235"]

1.d4 Nf6 2.c4 g6 3.Nf3 Bg7 4.g3 O-O 5.Bg2 d6 6.O-O Nc6 7.d5 Na5 8.Nfd2 c5
9.Nc3 e5 10.a3 b6 11.b4 Nb7 12.Rb1 Ne8 13.Nde4 h6 14.bxc5 bxc5 15.Qc2 f5
16.Nd2 Na5 17.f4 e4 18.Nd1 Bd7 19.Bb2 Nf6 20.Ne3 Qc7 21.Bc3 Rab8 22.Rb2 Rxb2
23.Qxb2 Ba4 24.Rb1 h5 25.h3 Kh7 26.g4 fxg4 27.hxg4 hxg4 28.Bxe4 Qe7 29.Nf5 gxf5
30.Bxf5+ Kh6 31.Kf2 g3+ 32.Kf3 Nh5 33.e4 Bxc3 34.Qxc3 Qh4 35.Qe3 Qh2 36.Rg1 Rb8
37.e5 Nb3 38.Nf1 Nd4+ 39.Qxd4 Rb3+ 40.Bd3 Rxd3+ 41.Qxd3 Qxg1 42.Kg4 Qf2 43.Ne3 Qxf4+
44.Kh3 Kg5 45.Qd2 Qh4+ 46.Kg2  0-1

[Event "CZE-chT 9798"]
[Site "CZE"]
[Date "1997.12.13"]
[Round "3"]
[White "Mista, Ladislav"]
[Black "Manik, Mikulas"]
[Result "1-0"]
[WhiteElo "2280"]
[BlackElo "2460"]

1.d4 Nf6 2.Nf3 g6 3.c4 Bg7 4.g3 O-O 5.Bg2 d6 6.O-O Nc6 7.Nc3 a6 8.h3 Rb8
9.Be3 b5 10.Nd2 Bd7 11.Rc1 Qc8 12.Kh2 e5 13.dxe5 Nxe5 14.Nd5 Nxd5 15.cxd5 Re8
16.b3 Qb7 17.Ne4 Bf5 18.Bd4 Bxe4 19.Bxe4 Nd7 20.Bf3 Bxd4 21.Qxd4 b4 22.Rfe1 Nc5
23.e4 Qb5 24.Re3 a5 25.e5 Qd7 26.Rce1 Rf8 27.h4 Qe7 28.exd6 Qxd6 29.h5 Nd7
30.h6 Qf6 31.Qxf6 Nxf6 32.Rc1 Rb5 33.Rd3 Nd7 34.Rd4 Ne5 35.Bg2 f5 36.Rxc7 f4
37.Rxf4 Rxf4 38.gxf4 Ng4+ 39.Kg1 Nxh6 40.d6 Nf7 41.Rc8+ Kg7 42.d7 Rf5 43.d8=Q Nxd8
44.Rxd8 Rxf4 45.Rd5 Rf5 46.Rxf5 gxf5 47.f4  1-0

[Event "CZE-chT 9798"]
[Site "CZE"]
[Date "1997.12.13"]
[Round "3"]
[White "Freisler, Pavel"]
[Black "Rasik, Vitezslav"]
[Result "1/2-1/2"]
[WhiteElo "2340"]
[BlackElo "2455"]

1.Nf3 d6 2.d4 Nf6 3.g3 g6 4.Bg2 Bg7 5.c4 O-O 6.Nc3 Nc6 7.d5 Na5 8.Nd2 c5
9.O-O e6 10.Qc2 Re8 11.b3 exd5 12.cxd5 b5 13.Bb2 Ba6 14.Nce4 Nxd5 15.Bxg7 Kxg7
16.Qd3 Bb7 17.Qxb5 Nb4 18.Qa4 Nc2 19.b4 Nxb4 20.Rfd1 f5 21.Nxd6 Qxd6 22.Qxa5 Bxg2
23.Kxg2 Rxe2 24.Qb5 Rae8 25.Ne4 Qc6 26.Qxe2 Rxe4 27.Qf3 c4 28.Qc3+ Re5+ 29.Kg1 Qc5
30.Re1 Nd3 31.Rxe5 Qxf2+ 32.Kh1 Qf3+ 33.Kg1 Qf2+ 34.Kh1  1/2-1/2

[Event "Karpov GM"]
[Site "Singapore"]
[Date "1997.12.20"]
[Round "7"]
[White "Hsu Li Yang"]
[Black "Suradiradja, Herman"]
[Result "1-0"]
[WhiteElo "2390"]
[BlackElo "2250"]

1.d4 Nf6 2.c4 g6 3.g3 Bg7 4.Bg2 O-O 5.Nf3 d6 6.O-O Nbd7 7.Qc2 e5 8.Rd1 Re8
9.dxe5 dxe5 10.e4 c6 11.h3 Qc7 12.Be3 Bf8 13.c5 b6 14.cxb6 axb6 15.Nc3 Bc5
16.Bh6 Qa7 17.Nd2 Bf8 18.Be3 Ba6 19.Nb3 Qb7 20.a4 Bc4 21.Nd2 Be6 22.Bf1 Nc5
23.Nc4 Qc7 24.b4 Ncd7 25.Rab1 Rec8 26.Rdc1 Qb8 27.a5 b5 28.Nb6 Nxb6 29.Bxb6 Nd7
30.Be3 Qb7 31.Qd2 Nb8 32.Nd1 Na6 33.Bb6 Qd7 34.Qc3 f6 35.g4 Bd6 36.Rb2 Qe7
37.Rcb1 c5 38.Bxb5 cxb4 39.Qf3 b3 40.Ne3 Nb4 41.Ba4 Rc3 42.Bxb3 Bxb3 43.Rxb3 Rac8
44.Kg2 Rxb3 45.Rxb3 Qf7 46.Qd1 Bf8 47.Nd5 Nxd5 48.Qxd5 Qxd5 49.exd5 Bd6 50.a6 f5
51.a7 Kf7 52.Bc5 Bxc5 53.Rb8 Bxa7 54.Rxc8 Bb6 55.Rc6 Bd8 56.gxf5 gxf5 57.Rh6 Kg7
58.Re6 Bf6 59.Kf3 h5 60.Ke2 h4 61.f3 Kf7 62.Kd3  1-0

[Event "Skolernes Skakklub op"]
[Site "Aarhus"]
[Date "1997.??.??"]
[Round "5"]
[White "Guindy, Esmat"]
[Black "Jacobsen, Bo"]
[Result "1/2-1/2"]
[WhiteElo "2145"]
[BlackElo "2255"]

1.d4 g6 2.c4 Bg7 3.Nf3 d6 4.g3 Nf6 5.Bg2 O-O 6.O-O c6 7.Nc3 Bf5 8.d5 Ne4
9.Nd4 Nxc3 10.bxc3 Bd7 11.Qb3 Qc8 12.Rb1 b6 13.a4 cxd5 14.cxd5 Qa6 15.Nb5 Bxb5
16.axb5 Qb7 17.Be3 Nd7 18.Bd4 Rfc8 19.Qa3 Rc4 20.Rb4 Rac8 21.Ra4 R8c7 22.Ra1 Bxd4
23.Rxc4 Bxf2+ 24.Kxf2 Rxc4 25.Qxa7 Qc8 26.Ra3 Qc5+ 27.e3 Qxb5 28.Bf1 Qb2+
29.Kg1 Rc5 30.Ra2 Qb1 31.Rf2 Ne5 32.Qxe7 Rxd5 33.Qd8+ Kg7 34.Qf6+ Kg8 35.Qd8+ Kg7
36.Qf6+ Kg8  1/2-1/2

[Event "Skolernes Skakklub op"]
[Site "Aarhus"]
[Date "1997.??.??"]
[Round "8"]
[White "Grigorian, Meri"]
[Black "Henrichsen, Jens"]
[Result "1-0"]
[WhiteElo "2080"]
[BlackElo "2070"]

1.d4 Nf6 2.Nf3 g6 3.g3 Bg7 4.Bg2 O-O 5.c4 d6 6.Nc3 Nbd7 7.O-O e5 8.d5 Re8
9.e4 Nc5 10.Re1 a5 11.h3 c6 12.Qc2 cxd5 13.cxd5 Bd7 14.Nd2 b5 15.a4 bxa4
16.Nc4 Nb3 17.Be3 Nxa1 18.Rxa1 Qc7 19.Nxa4 Bxa4 20.Qxa4 Reb8 21.Bd2 Qc5 22.Rc1 Bf8
23.Bg5 Rb4 24.Qa2 Rc8 25.b3 a4 26.Qa1 Qb5 27.Bf1 axb3 28.Nb2 Rxc1 29.Qxc1 Qc5
30.Qxc5 dxc5 31.Bxf6 Rxe4 32.Bc4 Rd4 33.Bxe5 Rd2 34.Bxb3 Bd6 35.Nc4 Re2 36.Bxd6 Re1+
37.Kg2 Rb1 38.Nd2 Rb2 39.Bf4  1-0

[Event "Alushta"]
[Site "Alushta"]
[Date "1997.??.??"]
[Round "2"]
[White "Itkis, Boris"]
[Black "Golubev, Mihail"]
[Result "0-1"]
[WhiteElo "2440"]
[BlackElo "2530"]

1.d4 Nf6 2.Nf3 d6 3.c4 g6 4.g3 Bg7 5.Bg2 O-O 6.O-O Nbd7 7.Nc3 e5 8.e4 exd4
9.Nxd4 Re8 10.h3 a6 11.Be3 Rb8 12.a4 Nc5 13.Qc2 a5 14.Rfe1 Nfd7 15.Rad1 c6
16.Nb3 Qb6 17.Nxc5 Nxc5 18.Rxd6 Qb4 19.Red1 Be6 20.Nd5 Qxa4 21.Qxa4 Nxa4
22.Nc7 Nxb2 23.Nxe8 Nxd1 24.Nxg7 Nxe3 25.Nxe6 Nxg2 26.Ng5 Ne1 27.Rd7 a4  0-1

[Event "Alushta"]
[Site "Alushta"]
[Date "1997.??.??"]
[Round "6"]
[White "Itkis, Boris"]
[Black "Onoprienko, Vladimir"]
[Result "1/2-1/2"]
[WhiteElo "2440"]
[BlackElo "2295"]

1.d4 Nf6 2.Nf3 g6 3.c4 Bg7 4.g3 d6 5.Bg2 O-O 6.Nc3 Nc6 7.O-O Bf5 8.b3 Ne4
9.Bb2 Nxc3 10.Bxc3 Be4 11.e3 d5 12.Qe2 Qd7 13.Rfc1 h6 14.Bf1 g5 15.Nd2 Bg6
16.cxd5 Qxd5 17.Bg2 Qd7 18.Qb5 Rab8 19.d5 a6 20.dxc6 Qxd2 21.Bxd2 axb5 22.cxb7 Bxa1
23.Rxa1 e5 24.Rc1 e4 25.Rxc7 Rfd8 26.Bb4 Rd1+ 27.Bf1 Bf5 28.Kg2 Bg4 29.h3 Bf3+
30.Kg1 Kh7 31.Rxf7+ Kg6 32.Rc7 Be2 33.Rc6+ Kf7 34.Rc7+ Kg6 35.Rc6+ Kf7  1/2-1/2

[Event "EU-ch Rapid (Women)"]
[Site "Athens"]
[Date "1997.??.??"]
[Round "2"]
[White "Cuevas Rodriguez, Ma Luisa"]
[Black "Riegler, Alessandra"]
[Result "1/2-1/2"]
[WhiteElo "2210"]
[BlackElo "2030"]

1.d4 Nf6 2.c4 g6 3.Nf3 d6 4.g3 Bg7 5.Bg2 O-O 6.O-O Nbd7 7.Nc3 e5 8.e4 exd4
9.Nxd4 Ne5 10.b3 Ne8 11.Bb2 Bd7 12.Nd5 c6 13.Nc3 Qb6 14.Na4 Qc7 15.Qc2 Rc8
16.c5 dxc5 17.Nxc5 Rd8 18.h3 b6 19.Nxd7 Rxd7 20.f4 Ng4 21.Ne6 fxe6 22.hxg4 Bxb2
23.Qxb2 Rd3 24.Bf3 g5 25.Qe2 Qd6 26.Rad1 Rxd1 27.Rxd1 Qc5+ 28.Qf2 Qxf2+ 29.Kxf2 gxf4
30.gxf4 Rxf4 31.Rd8 Rf8 32.e5 c5 33.Ra8 Nc7 34.Rxa7 Nb5 35.Rd7 Nd4 36.Rxd4 cxd4
37.Ke2 Kg7 38.Be4 Rf4 39.Bf3 h6 40.a4 Kf7 41.b4 Ke7 42.a5 d3+ 43.Ke3 Rxb4
44.axb6 Rxb6 45.Kxd3 Rb4 46.Ke3  1/2-1/2

[Event "NZD-ch"]
[Site "Auckland"]
[Date "1997.??.??"]
[Round "8"]
[White "Green, Peter"]
[Black "Rogers, Ian"]
[Result "0-1"]
[WhiteElo "2265"]
[BlackElo "2575"]

1.d4 Nf6 2.Nf3 g6 3.g3 Bg7 4.Bg2 O-O 5.c4 d6 6.O-O c6 7.Nc3 Qa5 8.Qd2 Qh5
9.Qg5 Qxg5 10.Bxg5 h6 11.Bd2 Nbd7 12.h3 a6 13.a4 a5 14.e4 e5 15.dxe5 dxe5
16.Be3 Ne8 17.Nd2 Nc7 18.Rad1 Re8 19.Nb3 Bf8 20.h4 Ne6 21.Bh3 Ndc5 22.Nxc5 Nxc5
23.Bxc8 Raxc8 24.Rd2 b6 25.Rfd1 h5 26.Kf1 Nb3 27.Rd7 Bc5 28.Bxc5 Nxc5 29.R7d6 Kf8
30.f3 Ke7 31.R6d2 Red8 32.Rxd8 Rxd8 33.Rxd8 Kxd8 34.Ke2 Ke7 35.Kd2 Nb3+ 36.Kd3 Kd6
37.g4 Nd4 38.gxh5 gxh5 39.Ke3 Ne6 40.Na2 Kc5  0-1

[Event "AUT-chT2W 9798"]
[Site "Austria"]
[Date "1997.??.??"]
[Round "2"]
[White "Spiegel, Wilfried"]
[Black "Eiler, Gebhard"]
[Result "1/2-1/2"]
[WhiteElo "2175"]
[BlackElo "2075"]

1.d4 Nf6 2.c4 g6 3.Nf3 Bg7 4.g3 d6 5.Bg2 O-O 6.O-O Nbd7 7.Nc3 c6 8.e4 e5
9.h3 Re8 10.Re1 Qc7 11.Be3 exd4 12.Nxd4 Nc5 13.Qc2 Ne6 14.Nde2 Bf8 15.Rac1 Qa5
16.Red1 Qh5 17.f4 Nc5 18.Bd4 Be7 19.Bxf6 Bxf6 20.Kh2 Be7 21.b4 Ne6 22.Qd3 Ng7
23.Nd4 Bg4 24.Re1 Rad8 25.Qf1 Bc8 26.Bf3 Qh6 27.Qg2  1/2-1/2